000 01780nam a22001457a 4500
999 _c533007
_d533007
008 260410b ||||| |||| 00| 0 eng d
100 _aChubaienla Imchen Temjenzulu Y. Jamir
_960055
245 _a Education-Job Mismatch and its Effect on Income in Nagaland
260 _aThe Indian Journal of Labour Economics
300 _a68(4), Oct-Dec, 2025: p.1475-1490
520 _aThe research attempts to evaluate the effects of education-job mismatch on income in Nagaland. A dataset of 450 employees who completed higher education was classified by occupational groups using the ISCO-08 code. The data were analysed employing the job analysis (JA) method to assess the extent of education-job mismatch. Using the ordinary least squares (OLS) regression method, the study measures how different types of mismatches (vertical, horizontal, and double) affect income. Education-job mismatch substantially affects income, as indicated by the results. Specifically, overeducation and horizontal mismatch lead to income reductions of 1.190 and 0.235 times, respectively, highlighting their negative effects. These findings emphasised that educational curricula should align with labour market needs, and labour market systems should predict skill demands for targeted upskilling. Technical and vocational education and training (TVET) programmes should focus on mid-level skills. To reduce gender-based income disparities, flexible work, and mentorship for women in STEM (Science, Technology, Engineering, and Mathematics).-Reproduced https://link.springer.com/article/10.1007/s41027-025-0059
650 _aHigher education, Vertical mismatch, Horizontal mismatch, Double mismatch, Income, OLS regression
_960056
773 _aThe Indian Journal of Labour Economics
942 _cAR